[Event "Sigeman & Co 09th"]
[Site "Malmo"]
[Date "2001.06.16"]
[Round "5"]
[White "Cramling, Pia"]
[Black "Berg, Emanuel"]
[Result "1-0"]
[WhiteElo "2496"]
[BlackElo "2474"]
[Annotator "Tyomkin,D"]
[PlyCount "53"]
[EventDate "2001.06.12"]
[EventType "tourn"]
[EventRounds "9"]
[EventCountry "SWE"]
[EventCategory "13"]
[SourceTitle "CBM 084"]
[Source "ChessBase"]
[SourceDate "2001.09.13"]
[SourceVersion "1"]
[SourceVersionDate "2001.09.13"]
[SourceQuality "1"]

1. d4 f5 2. g3 Nf6 3. Bg2 g6 4. b3 Bg7 5. Bb2 O-O 6. Nf3 d6 7. O-O Qe8 8. c4
Na6 9. Nbd2 Rb8 {The play over the centre with 9...e5 is more popular in the
this position;} (9... e5) 10. Qc2 (10. d5 b5 $6 (10... e5 $142) 11. Nd4 bxc4
12. Nc6 Ra8 13. Nxc4 Bd7 14. N4a5 Nc5 15. Rc1 $16 {1-0 Lazarev,V-Galyas,M/
Budapest 2000/CBM 76 ext (51)}) 10... b5 (10... c5 {Meulders} 11. Rad1 Bd7 12.
Rfe1 Nb4 13. Qb1 cxd4 14. Nxd4 Qf7 15. Bc3 Nc6 16. Qb2 $14 {0-1 Schiffer,
K-Lutz,C/Groningen 1995/CBM 50 ext (37)}) 11. a3 (11. cxb5 Qxb5 12. e3 {
Meulders} (12. Qc4+ Qxc4 13. Nxc4 c5 (13... Nb4 14. Rfc1 Bh6 15. Rd1 Be6 16.
Nfd2 f4 17. a3 Nbd5 18. b4 Nb6 19. Nxb6 {Also nicht 'auf immer' verdorben!}
cxb6 $15 {0-1 Prang,E-Mainka,R/Muenster 1997/CBM 60 ext (58)}) 14. Rac1 Ne4 15.
dxc5 Bxb2 16. Nxb2 Naxc5 $11 {0-1 Plachetka,J-Lutz,C/Batumi 1999/CBM 74 (42)})
12... c5 13. Rfc1 Nb4 14. Qb1 Qd3 15. dxc5 Qxb1 16. Raxb1 Nd3 17. cxd6 Nxc1 18.
dxe7 Ne2+ 19. Kf1 Re8 20. Kxe2 Nd5 21. Ne5 Ba6+ 22. Ndc4 Nxe7 23. Ke1 $14 {
1/2-1/2 Dreev,A-Malaniuk,V/Yalta 1995/CBM 47 ext (52)}) 11... c5 $6 $146 {
Very suspicious novelty-white achieves clear advantage by trading all pawns,
and then moving knights in;} (11... c6 12. Rac1 $146 (12. Rae1 bxc4 13. bxc4 c5
{[%mdl 16]} 14. d5 {[%cal Ge2e4,Yb2a1]} (14. Ba1 $6 cxd4 {[%csl Rc4][%cal
Ga6c5] 0-1 Damljanovic,B-Onischuk,A/Elista 1998/[Tyomkin,D] (48) Black gets
better pawn structure and outpost c5 for the knight.}) 14... f4 15. Ba1 (15. e4
fxe3 16. fxe3 {[%cal Ge3e4]} (16. Rxe3 $2 Rxb2 17. Qxb2 Nxd5 $17) 16... Bf5 $15
{[%csl Rb2]} 17. e4 $140 Nxe4 (17... Rxb2 18. Qxb2 Nxe4 19. Qb7 $18) 18. Bxg7
Nxd2 (18... Nf6 $2 19. Bxf8 Bxc2 20. Bxe7 $18) 19. Qxd2 Kxg7)) 12... h6 13. Ne1
g5 14. Nd3 Bd7 15. e3 $14 {1-0 Cramling,P-Movsziszian,K/Vila Real ESP 2001/The
Week in Chess 354 (28)}) (11... h6 {Meulders} 12. b4 (12. Rae1 {Tyomkin,D} g5
13. b4 c6 14. c5 Nc7 15. Rc1 Bd7 16. Rfe1 $14 {Ivanov,T-Daniliuk,S/Smolensk
1992/EXT 97/1/2-1/2 (42)}) 12... c6 13. Rfe1 Be6 14. e4 fxe4 15. Nxe4 Nxe4 16.
cxb5 Rxb5 17. Rxe4 {[%csl Ra6,Rc6,Rd4,Re6,Rg6]} Bd5 18. Re3 g5 19. Rae1 Rf7 20.
Qe2 e6 21. h4 $1 {Typisch aber gut: der g-Bauer wird befragt und die schwarze
Königsstellung geschwächt.} gxh4 22. Nxh4 {[%csl Re6][%cal Gg2d5]} Nc7 23. Bh3
{[%cal Gh4g6,Gg6f4]} Qb8 $13 {1/2-1/2 Lputian,S-Minasian,A/Yerevan 1999/CBM 74/
[Meulders] (42)}) (11... Bb7 $5 $146) 12. dxc5 Nxc5 13. cxb5 Qxb5 14. Nd4 Qe8 (
14... Qb6 15. Nc6 Rb7 16. b4 {[%cal Rb2f6]} (16. Bd4 {[%cal Rb3b4]} Nfe4 17.
Nxe4 fxe4 (17... Bxd4 $2 18. Nxc5 Bxc5 19. b4 $18) 18. Bxe4 Bxd4 (18... Rc7 19.
b4 $16) 19. Nxd4 Nxe4 20. Qxe4 e5 21. Nf3 Qxb3 22. Rab1 Qf7 23. Ng5 Qe7 24.
Qd5+ Kh8 25. Ne4 Rd7 $11 {[%cal Gc8b7]}) 16... Ne6 (16... Nce4 17. Bd4 $16) 17.
Nc4 Qc7 18. Rac1 $16) 15. b4 Ne6 (15... Nce4 16. Nc6 Nxd2 (16... Rb7 17. Nxe4
fxe4 18. Bxf6 Bxf6 19. Rad1 $16 {[%csl Re4]}) 17. Qxd2 Rb7 18. Rac1 $14) 16.
Qb3 Qf7 17. Nc6 Rb7 18. Rac1 Rc7 19. Rc2 Ne8 $2 (19... f4 $142 {it looks the
most logical move, trying to create targets for attack over f-file;} 20. Rfc1
fxg3 21. hxg3 Ne8 22. Qe3 $14) (19... Bb7 20. e3 $14 {[%cal Gf1c1]}) 20. Bd5 $1
$16 {[%cal Rb3g8]} Bxb2 $2 {It was losing at once, but black was lucky that
time...} (20... Nf6 21. Bxf6 Qxf6 (21... Bxf6 22. Nf3 $1 $18 {[%cal Rc6d8,
Rc6a7]} (22. Nxa7 Rxc2 23. Nxc8 Rc3 24. Bxe6 Rxb3 25. Bxf7+ Kxf7 26. Nxd6+ Ke6
27. Nxb3 $18)) 22. Nxa7 Rxc2 23. Qxc2 $18) 21. Qxb2 $2 {White recaptured
automatically, and missed intermadiate:} (21. Nd8 $1 Qf6 22. Nxe6 Rxc2 23.
Nxf8+ Kxf8 24. Qxc2 $18) 21... Nf6 22. Bb3 Kg7 $2 {[%cal Yb2g7,Yb3f7] Black
doesn't take care on one pin, and gets into another one, over the big diagonal.
...} (22... d5 23. Qe5 $16 {[%cal Gf1c1]}) 23. Rfc1 Qe8 (23... Bd7 24. Nd4 Rxc2
25. Rxc2 $18 {[%cal Rc2c7,Rb2a2]}) {[%tqu "En","White is to move and wins;","",
"","b3e6","",10]} 24. Bxe6 $1 {Finally Pia has found a way to decide this game
by tactical way;} Bxe6 {[%tqu "En","","","","c6d4","",10]} 25. Nd4 $1 {[%csl
Rc7,Re6]} Rxc2 26. Nxe6+ Kf7 27. Ng5+ 1-0

[Event "Tan Chin Nam Cup 3rd "]
[Site "Beijing"]
[Date "1997.??.??"]
[Round "9"]
[White "Alterman, Boris"]
[Black "Zhang, Zhong"]
[Result "1/2-1/2"]
[WhiteElo "2615"]
[BlackElo "2475"]
[Annotator "Tyomkin,D"]
[PlyCount "83"]
[EventDate "1997.08.11"]
[EventType "tourn"]
[EventRounds "11"]
[EventCountry "CHN"]
[EventCategory "12"]
[SourceTitle "CBM 061"]
[Source "ChessBase"]
[SourceDate "1997.11.23"]
[SourceVersion "1"]
[SourceVersionDate "1997.11.23"]
[SourceQuality "1"]

1. d4 {Meulders} f5 2. Nf3 Nf6 3. g3 g6 4. Bg2 Bg7 5. O-O O-O 6. c4 d6 7. Nc3
Qe8 8. d5 Na6 9. Rb1 c5 10. dxc6 bxc6 11. b4 Bd7 12. b5 cxb5 13. cxb5 Nc5 14.
a4 (14. Nd4 {Tyomkin,D} Nfe4 15. Nxe4 Nxe4 16. a4 (16. Bb2 e5 17. Nc2 Bxb5 18.
Qd5+ Rf7 19. f3 Ng5 (19... Rc8 $142) 20. f4 Ne4 (20... Rc8 $1) 21. Bxe4 fxe4
22. fxe5 Bc6 $8 23. Qxf7+ Qxf7 24. Rxf7 Kxf7 25. e6+ $14 {Orsag,M-Vrana,F/
CSR-chT 1992/TD 92\10/1/2-1/2 (41)}) (16. Rb4 $6 Rc8 (16... e5) 17. Bb2 e5 18.
Nb3 (18. Bxe4 fxe4 19. Nb3 Qf7 $17 {[%cal Gd7h3]}) 18... Qf7 19. f3 Nc3 20.
Bxc3 Rxc3 21. Qxd6 Rfc8 $15 {[%cal Gg7f8] ^^ Blees,A-Kindermann,S/Hamburg
Wichern-op 1995/EXT 95op/0-1 (42)}) (16. Qb3+ $6 Qf7 17. Qxf7+ (17. Be3 Qxb3
18. Rxb3 Rfc8 $15 19. Rb4 d5 20. Rd1 e5 21. Nb3 d4 22. Bxe4 fxe4 $17 23. Nc1 $4
dxe3 {[%csl Rc1] 0-1 Stangl,M-Topalov,V/EU-chJ U20 Arnhem 1989/TD 89\08}) 17...
Kxf7 18. Be3 Rac8 19. Bxe4 fxe4 20. Rfd1 Rc4 21. Nc6 Bxc6 22. bxc6 Rxc6 23.
Bxa7 Ra8 24. Rb7 Bf6 25. a4 Ra6 26. Bb6 Ke6 27. a5 Bc3 $17 {[%csl Ra5]
Vakhidov,T-Malaniuk,V/Tashkent 1987/EXT 87/0-1 (58)}) 16... Qf7 17. Bxe4 (17.
Bb2 Rac8) 17... fxe4 18. Be3 Rfc8 19. Rc1 Rxc1 20. Qxc1 Rc8 21. Nc6 a6 22. Qc2
axb5 23. axb5 Qe6 24. Rc1 Kf7 25. Bb6 Qd5 26. Qa4 Bf6 27. Rd1 $14 {1/2-1/2
Kelecevic,N-Lutz,C/Biel Credis 1996/CBM 55}) (14. Bb2 $5 {Tyomkin,D} Rb8 (14...
Rc8 15. a4 {-14.a4}) 15. Nd4 (15. a4 $5) 15... Nfe4 16. Nxe4 fxe4 {[%csl Rb5]}
17. Ba3 (17. Nb3 $1 Bxb2 18. Nxc5 Rxb5 (18... dxc5 19. Rxb2 $16) 19. Nxd7 Qxd7
20. Qa4 $14) 17... Ne6 18. Nxe6 Bxe6 19. Qd2 Rxb5 20. Bxe4 Rxb1 21. Rxb1 Qf7
$13 {Budde,V-Sokolovs,A/Cappelle op 1995/EXT 95op2/0-1 (59)}) 14... Rc8 (14...
Nfe4 15. Nxe4 Nxe4 16. Bb2 Bxb2 (16... a6 $5 {Schwartzman This is an
interesting novelty.Malaniuk played 16...B:b2 instead.} 17. Nd2 (17. Bxg7 Kxg7
18. bxa6 Bxa4 19. Qd4+ e5 20. Rb7+ Kh8 $13) 17... d5 (17... Bxb2 18. Rxb2 Nc3
$2 19. Qb3+) (17... axb5 18. axb5 Bxb5 $2 (18... Nxd2 19. Qxd2 Bxb5 $2 20. Bxg7
Kxg7 21. Qb2+ e5 22. Qxb5 $18) 19. Nxe4 fxe4 20. Qb3+ e6 21. Bxg7 $18) 18. Nf3
$1 {><e5 ><e5} axb5 19. axb5 Bxb5 20. Qxd5+ $1 $16 {Schwartzman,G-Galdunts,S/
Metz op 1994/CBM 41/[Schwartzman]/1-0 (23)}) (16... Qf7 $1 {Alterman} 17. Bxg7
$5 (17. Ne5 dxe5 (17... Bxe5 18. Bxe5 dxe5 19. Qxd7 Rfd8 20. Qc7 Rac8 21. Qxa7
Nd2 22. b6 $16) 18. Qxd7 Rfd8 19. Qc7 Rdc8 20. Qa5) 17... Qxg7 18. Rc1 $1 (18.
Ng5 $5 Qe5 $1 $13) 18... Rac8 $2 19. Rxc8 Rxc8 20. Qd5+ e6 21. Qb7 $18 Nc3 22.
Qxa7 Rc4 23. b6 $1 Bc6 24. Qxg7+ Kxg7 25. Nd2 $1 Nxe2+ 26. Kh1 Bxg2+ 27. Kxg2
Rc8 28. a5 Nd4 29. a6 {1-0 Alterman,B-Amit,Y/Kfar Saba 1996/CBM 55/[Alterman]})
17. Rxb2 (17. Qb3+ Qf7 18. Qxb2 Rac8 $1 19. Rfc1 Rc4 $5 $13) 17... Rb8 (17...
a6 18. Nd2 d5 19. Nxe4 dxe4 20. Qb3+ $16) (17... Rc8 18. a5 $1 {RR} Nc3 19.
Qb3+ Qf7 20. Qxf7+ Kxf7 21. b6 $16) 18. Nd2 (18. Qd4 $5 Nc5 19. Rc1 a6 20. bxa6
Rxb2 21. Qxb2 Nxa6 22. a5 Nc5 23. Nd4 $16) 18... Nc5 (18... Nxd2 $2 19. Qxd2
$16) 19. Nc4 Qf7 20. Na5 (20. Bd5 $6 Be6 21. Bxe6 Qxe6 {/\ f4->}) 20... Qf6 21.
Rb4 Rfc8 (21... Qc3 22. Qb1 Na6 {RR} 23. Qb3+ Qxb3 24. Rxb3 Nc5 25. Rb4 Rfc8
$14) 22. Qd2 Rb6 $132 {1-0 Alterman,B-Malaniuk,V/Pardubice 1993/CBM 37 (36)} (
22... Kg7 23. h4 Rc7 24. Nc6 $1 Bxc6 25. Bxc6 $16)) 15. Nd4 (15. Bb2 {Tyomkin,D
} a6 16. Nd4 axb5 17. axb5 Nfe4 (17... e5 $6 18. Nc6 $16) 18. Nxe4 fxe4 19. Nb3
Bxb5 20. Bxg7 Kxg7 21. Nxc5 {1/2-1/2 Greenfeld,A-Malaniuk,V/Pardubice 1993/CBM
37}) 15... Nfe4 16. Nxe4 Nxe4 17. Bb2 Qf7 18. e3 Qa2 $146 (18... e5 {Tyomkin,D}
19. Nb3 a6 20. Nd2 d5 21. bxa6 Nc5 (21... Bxa4 $2 22. Qxa4 Nxd2 23. Qa5 $16 {
[%csl Rd5]}) 22. Ba3 (22. Nb3 $1 Ne4 $16) 22... Bxa4 23. Qe2 e4 24. Bxc5 Rxc5
25. Rb7 Qf6 26. a7 Qc6 27. Rfb1 Ra5 28. R1b6 Qc1+ 29. Nf1 Qc4 30. Qe1 Bc3 31.
Qb1 Bc6 $4 (31... Qe2 $16) 32. Rc7 Rc5 33. Rb8 Qa6 {1-0 Rustemov,A-Galdunts,S/
Moscow op 1995/EXP 46}) 19. Nc6 Bxc6 20. Bxg7 Bxb5 (20... Nc3 $5 21. Ra1 (21.
Bxc3 Bxg2 22. Kxg2 Rxc3 23. Qd4 Rc5 $13) 21... Qe6 22. Bxc3 Bxg2 23. Qd4 Rxc3
24. Qxc3 $14 {[%csl Ra7] /=}) 21. axb5 (21. Ra1 Qe6 22. axb5 Kxg7 23. Rxa7 Rc4
24. Qa1+ (24. b6 Rb8 25. b7 Rb4 $15) 24... Kg8 25. Rb1 Rc2 $132) 21... Kxg7 22.
Ra1 Qb2 (22... Qe6 $5) 23. Rxa7 Rf7 24. Qa1 Qxa1 (24... Rc2 {Meulders} 25. Rb1
Qxa1 26. Raxa1 e6 27. b6 Rb7 28. Ra7 Rxa7 29. bxa7 Ra2 30. Rb7+ Kh6 31. Bxe4
fxe4 32. Re7 e5 33. h4 $16) 25. Rfxa1 Rb8 26. Bf1 (26. Rb1 $6 e6 27. Rxf7+ Kxf7
) 26... e6 27. Rxf7+ Kxf7 28. Ra7+ Kf6 29. Rc7 $6 (29. Rxh7 $5 Nc3 (29... Ke5
30. Rc7) (29... g5 30. h4 (30. Rc7 g4 $14) 30... gxh4 (30... g4) 31. Rxh4 Ke5
$14) (29... Nd2 {Meulders} 30. Be2 d5 31. Rc7 Nc4 32. Bxc4 dxc4 33. Rxc4 Rxb5
34. h4 $14) 30. Rh4 $16 (30. Rh4 $1 Nxb5 $2 31. Rb4 $18)) 29... d5 30. Rc6 (30.
Rxh7 Nd2 (30... Nc3 31. Rh4 g5 32. Rb4 g4 $14) 31. Be2 Nc4 32. Bxc4 dxc4 33.
Rc7 Rxb5 34. Rxc4) 30... Nd2 31. Be2 Nc4 32. Rc5 h6 33. g4 fxg4 (33... Ke7 $2
34. gxf5 gxf5 35. Bxc4 dxc4 36. Rxc4 Rxb5 37. Rh4 $16) 34. e4 (34. Bxg4 $5 Ke7
(34... h5 35. Be2 Ke7 (35... Rb6 $6 36. e4) 36. e4 Ne5 37. exd5 Kd6 38. Rc3
exd5 39. f4 $14 {[%cal Gc3g3]}) 35. Rc6 (35. e4 Ne5) 35... Rxb5 36. Rxe6+ Kf7
37. Ra6 $14) 34... Ke5 35. exd5 exd5 36. Bxc4 Kd4 37. Rxd5+ Kxc4 38. Rd6 Rxb5
39. Rxg6 $11 h5 40. Rf6 Kd4 41. Kg2 Ke4 42. h3 1/2-1/2

[Event "RUS-ch KO"]
[Site "Moscow"]
[Date "1999.12.15"]
[Round "1.1"]
[White "Makarov, Marat"]
[Black "Korobov, Anton"]
[Result "1-0"]
[WhiteElo "2527"]
[BlackElo "2336"]
[Annotator "Tyomkin,D"]
[PlyCount "93"]
[EventDate "1999.12.04"]
[EventType "k.o."]
[EventRounds "6"]
[EventCountry "RUS"]
[SourceTitle "CBM 075"]
[Source "ChessBase"]
[SourceDate "2000.04.05"]
[SourceVersion "1"]
[SourceVersionDate "2000.04.05"]
[SourceQuality "1"]

1. Nf3 {Meulders} f5 2. g3 Nf6 3. Bg2 g6 4. O-O Bg7 5. c4 d6 6. d4 O-O 7. Nc3
Qe8 8. Nd5 Na6 {Meulders: 'Ein Spezialist wie Malaniuk bevorzugt ...Nxd5.'} (
8... Nxd5 9. cxd5 c6 (9... a5 10. e4 fxe4 11. Ng5 c6 12. Bxe4 h6 13. Nf3 (13.
Ne6 Bxe6 14. dxe6 d5 15. Bg2 Na6 $11 {[%cal Ga6c7]}) 13... Qf7 14. Nh4 Bf5 15.
Nxf5 gxf5 16. Bf3 cxd5 17. Bh5 Qf6 18. Qb3 {1/2-1/2 Adorjan,A-Kotronias,V/
Reykjavik 1988/TD (18)}) 10. dxc6 bxc6 (10... Nxc6 11. d5 Ne5 12. Nd4 Qd8 13.
Qb3 Qb6 14. Qxb6 axb6 15. Bd2 Bd7 16. Bc3 $14 {1-0 Nikitin,A-Chigvintsev,A/
Tula 1999/EXT 2000 (82)}) 11. Re1 Nd7 12. e4 fxe4 13. Ng5 Nf6 14. Nxe4 Nxe4 15.
Bxe4 Bd7 $11 {1/2-1/2 Ortega,L-Remon,A/Havana 1986/EXT 98 (62)}) 9. Nxf6+ (9.
Qb3 c5 (9... Ne4 $5) 10. Nxf6+ Rxf6 11. d5 {1-0 Bjerke,R-Karlsson,L/Gausdal
1987/EXT 97 (46)}) 9... Rxf6 (9... Bxf6 $6 10. Bh6 Bg7 11. Qd2 c6 12. b4 Nc7
13. Bxg7 Kxg7 14. d5 $14 {1-0 Uhlmann,W-Banas,J/Stary Smokovec 1985/MCD (27)})
10. d5 $146 {Novelty. In my opinion this move is not more dangerous for black
than 10.e4.} (10. e4 fxe4 (10... e5 $6 11. exf5 e4 (11... gxf5 12. dxe5 (12.
Nh4 $5) (12. Re1 e4 13. Ng5 {-see 11...e4}) 12... dxe5 13. Qe2 (13. Qd5+ $5 Be6
14. Qxb7 Bxc4 15. Nxe5 Rb8 16. Qxb8 Qxb8 17. Nxc4 $13) 13... Rf8 14. Rb1 e4 15.
Ng5 Nb4 $132 {0-1 Espig,L-Rechel,B/Germany 1999/GER-chT2 (63)}) 12. Re1 gxf5
13. Ng5 {[%cal Gf2f3]} Be6 $2 14. f3 $16 Bxc4 15. fxe4 Qb5 $2 16. b3 Bf7 17. e5
$18 dxe5 18. dxe5 Rd6 19. exd6 Bxa1 20. Nxf7 {1-0 Khalifman,A-Freise,E/Bad
Wiesse 1998/EXT 2000 (20)}) 11. Ng5 e5 12. Bxe4 (12. Nxe4 $5) 12... Rf8 $6 13.
Be3 $6 (13. Nxh7 $1 Kxh7 14. Qh5+ Kg8 15. Bxg6 $36) 13... Bf5 {1/2-1/2
Nevednichy,V-Istratescu,A/Luzern 1994/EXT 99 (13)}) 10... Nc5 {Not only way
for black. Black has few other typical pawn pushes in this position.} (10...
Rf8 11. Rb1 Nc5 {-semilar to the game.}) (10... e5 $5 11. dxe6 Bxe6 {and black
is close to equalize.} (11... Rxe6 12. Nd4 $1 Bxd4 $140 13. Qxd4 Rxe2 14. Bd5+
$18)) (10... c5 $5) (10... c5 {Meulders} 11. dxc6 bxc6 12. Nd4 Bd7 13. Bg5 Rf7
14. Rb1 $6 Rb8 15. a3 e5 16. Nc2 f4 $15 {0-1 Fiala,B-Socha,C/Gdynia 1987/EXT
97 (31)}) 11. b4 Rf8 12. Rb1 Ne4 13. Bb2 {Meulders: 'Im Leningrader ist Bg7
das Rückgrat der schwarzen Königstellung. Ihn zu beseitigen ist die Parole. '}
e5 (13... Nc3 $6 14. Bxc3 Bxc3 15. Nd4 {[%cal Rd4b5]}) 14. dxe6 Bxb2 15. Rxb2
Bxe6 {'=' Meulders.} 16. Nd2 Nc3 {'!' Meulders.} (16... Nxd2 17. Rxd2 a5 (17...
Bxc4 18. Rc2 $1 $16) 18. b5 Bxc4 19. Bxb7 Rb8 20. Bc6 Qe5 21. a4 $14) 17. Qe1
Bf7 18. e3 c6 (18... Qa4 19. Qa1 $14) 19. f4 Rd8 $2 {Black makes careless move
and doesn't feel a danger.} (19... Na4 20. Rc2 Qe6 {[%cal Ga8e8]}) (19... Qe6 {
Meulders} 20. Rc2 Na4 21. e4 (21. Nf3 Rae8 $15) 21... Rfe8 22. Qb1 $11) 20. Rc2
Ne4 {Meulders: 'Zentraler als das Abseits mit Na4, aber der Springer wird
sofort getauscht und Schwarz ist jetzt mit einem Sorgenkind (Schwächling Pe4)
ans Bein gebunden.'} (20... Na4 21. e4 fxe4 22. Nxe4 $16 {[%csl Ra4]}) (20...
Na4 $5 {Meulders}) 21. Nxe4 fxe4 {[%csl Rc6,Rd6,Re4,Yf7,Yg2,Rg6] Black got
permanent weakness on-e4, the pawn structure is very pleasant for white
because of light-square bishops.} 22. Qc3 Qe7 23. Rd1 {'+/=' Meulders.} (23.
Qd4 $6 d5) 23... d5 24. cxd5 Rxd5 25. Rxd5 Bxd5 (25... cxd5 26. Qd4 $16 {
White controls all black squares and c-file.}) (25... cxd5 {Meulders ist
schwächer}) 26. Bf1 Rd8 27. Rd2 Bf7 $6 (27... Be6 28. Qc5 Qxc5 29. Rxd8+ Qf8
30. Rxf8+ Kxf8 31. a3 {Comparing with the game,black gets few extra tempos in
this ending.}) (27... Kf7 {Meulders} 28. Qd4 b6 29. Bc4 Rd7 $14) 28. Qe5 {
'!' Meulders.} Qxe5 $2 (28... Re8 29. Qxe7 Rxe7 30. Rd8+ Kg7 31. a3 $16 {
[%cal Gg1f2,Gf2e1,Ge1d2,Gd2c3] White should win in this ending, but anyway it
was better for black to leave rooks on the board.}) 29. Rxd8+ Qe8 30. Rxe8+
Bxe8 {Meulders: 'Materiell steht es noch gleich, aber der berüchtigte
Bauerninselunterschied (Weiss hat nur zwei zu verteidigen, Schwarz drei) wird
Schwarz fertig machen.'} 31. Kf2 {[%mdl 4096] This bishop's ending is lost for
black because of two weaknesses: 1)Pawn e4 is weak; 2)Passed pawn of white on
the kingside. Whites plan is to move his king to c3 (or d4 if possible), to
put some pressure on e4, forcing black to protect it, and then to create
passed pawn on the kingside. On the other hand, black can not create passed
pawn by b6 and c5, because white will place his king to-c3, and move his
bishop to c4. The pawn's ending in that case will be losing for black.} Bf7 32.
a3 Ba2 33. Ke1 Kf7 34. Kd2 Ke6 35. Kc3 {White improved his king for maximum
and now he begins to create passed pawn on the kingside.} Kd5 {Meulders:
'Schwarz ist noch gerade rechtzeitig auf d5 angelangt, aber er wird
austempiert und wenn der weisse König nach d4 kommt, ist es vorbei.'} 36. g4 b6
37. h4 c5 {[%mdl 4096] Meulders: 'Erzwungene Aktivität'} (37... a5 38. g5 {
[%cal Rc3b2] This move leads to the queen's ending with two pawns up for white
almost on force! Probably white has more exact way, but that queen's ending
looks simply winning as well.} (38. Kb2 Bc4 39. Bxc4+ Kxc4 40. bxa5 bxa5 41. h5
gxh5 (41... Kd5 42. h6 $1) 42. gxh5 a4 43. Kc2 (43. h6 Kd5 $11) 43... h6 44.
Kd2 Kd5 45. Kc3 c5 $11) 38... axb4+ 39. axb4 Kd6 40. Bh3 {[%cal Rf4f5]} Be6 41.
Bxe6 Kxe6 42. Kc4 $1 {zugzwang!} Kf5 43. Kd4 b5 44. Kc5 Kg4 45. Kxc6 Kf3 46. h5
$1 (46. f5 $2 gxf5 47. h5 f4) 46... Kxe3 47. f5 Kd3 48. hxg6 hxg6 49. fxg6 e3
50. g7 e2 51. g8=Q e1=Q 52. Qd5+ Kc3 53. Kxb5 Qf1+ (53... Qe2+ 54. Ka5 $18) 54.
Kb6 Kxb4 55. Qa5+ Kb3 56. Qb5+ $18) (37... Bb1 {Meulders} 38. Bc4+ Kd6 39. Kb2
$1 Bd3 40. Bxd3 exd3 41. Kc3 $18) 38. Ba6 {[%cal Ra6b7]} Kc6 39. bxc5 Kxc5 (
39... bxc5 40. Bc4 $1 $18) 40. Bc8 b5 ({After this move white has a nice way
to win which could be a nice study!} 40... Bg8 41. g5 $1 b5 (41... a5 42. Bb7
$18 Bd5 43. Bxd5 Kxd5 44. a4 $18) 42. Bb7 Bd5 43. Bxd5 Kxd5 44. Kb4 a6 45. Ka5
Kc5 (45... Kc4 46. f5 gxf5 47. h5 f4 48. g6 hxg6 49. hxg6 fxe3 50. g7 e2 51.
g8=Q+ {check!}) 46. Kxa6 Kc6 47. Ka7 Kc7 48. Ka8 Kc6 49. Kb8 Kb6 50. h5 gxh5
51. f5 h4 52. f6 h3 53. f7 h2 54. f8=Q h1=Q 55. Qd6+ Ka5 56. Kb7 $1 {[%cal
Rd6a6] mating!}) 41. f5 a5 42. f6 {Now white just has to move his bishop to
the diagonal a2-g8 from b3 and it will be the end of the story.} (42. fxg6 {
Meulders} hxg6 43. Bb7 b4+ 44. axb4+ axb4+ 45. Kb2 Be6 46. Bxe4 Bxg4 47. Bxg6
$18 {[%cal Rh4h8]}) 42... Kd6 (42... Bf7 43. g5 b4+ 44. axb4+ axb4+ 45. Kb2 $18
{[%cal Gc8g4,Gg4d1,Gd1b3]}) (42... b4+ {Meulders} 43. axb4+ axb4+ 44. Kb2 Bf7 (
44... Bd5 45. Bb7 $1) 45. g5 Kd6 46. Bg4 Ke5 47. Bd1 Kf5 48. Bb3 Be8 49. f7
Bxf7 50. Bxf7 Kg4 51. Kb3 Kxh4 52. Kxb4 Kxg5 53. Kc3 Kf6 54. Bg8 h5 55. Kd4 Kf5
56. Bd5 g5 57. Bxe4+ $18) 43. g5 {'!' Meulders.} Bd5 44. Bg4 {[%cal Gg4d1,
Gd1b3]} (44. Ba6 {Meulders} Bc6 (44... Kc5 45. Bb7 $1) 45. Kd4 b4 46. axb4 axb4
47. Bc4 $18) 44... Be6 {'?' Meulders. Meulders: 'Kurzer Schmerz.'} (44... Kc5
45. Bd1 {[%cal Gd1b3]} a4 46. Bc2 $18 {[%cal Rc2e4]}) 45. Bxe6 Kxe6 46. Kd4 Kd6
47. Kxe4 1-0

[Event "Linares Anibal op 04th"]
[Site "Linares"]
[Date "1997.??.??"]
[Round "9"]
[White "Allahverdiyev, Anar"]
[Black "Saldano Dayer, Horacio"]
[Result "1/2-1/2"]
[WhiteElo "2380"]
[BlackElo "2360"]
[Annotator "Tyomkin,D"]
[PlyCount "36"]
[EventDate "1997.02.??"]
[EventType "swiss"]
[EventRounds "10"]
[EventCountry "ESP"]
[SourceTitle "CBM 058"]
[Source "ChessBase"]
[SourceDate "1997.06.01"]
[SourceVersion "1"]
[SourceVersionDate "1997.06.01"]
[SourceQuality "1"]

1. c4 f5 2. Nf3 Nf6 3. g3 g6 4. Bg2 Bg7 5. O-O O-O 6. d4 d6 7. Nc3 Qe8 8. d5 a5
9. Nd4 Na6 10. b3 h6 $6 {This move is useless,because after 11.Bb2 black
doesn't need h6 to push g6-g5} (10... Bd7 {and 10...Nc5 were also tried in
this position}) 11. Bb2 g5 12. Qd2 $6 $146 {[%cal Ga6c5,Gc5e4]} (12. e3 {
Tyomkin,D} f4 (12... Nc5 13. Ncb5 $16) 13. exf4 gxf4 14. Ne6 Bxe6 15. dxe6 c6
$2 (15... Nc5 $142 16. Ne2 Nh5 17. Bxg7 Kxg7 18. Qd4+ Rf6) 16. Ne2 Nh5 17. Bxg7
Kxg7 18. Qd4+ Kg8 (18... Rf6 19. g4 {[%csl Rh5]}) 19. Bf3 Nc5 20. Bxh5 Qxh5 21.
Nxf4 $16 {Campanile,A-Gershon,A/Berliner Sommer 1994 (33)/1/2-1/2}) 12... f4 $6
(12... Nc5 $142 13. f3 Bd7 (13... e5 14. dxe6 Bxe6 15. f4) 14. a3 $14 {[%cal
Gb3b4]}) 13. gxf4 gxf4 14. Ne6 Bxe6 15. dxe6 Ng4 16. h3 Ne5 17. Nd5 (17. Bxb7
$5 Ra7 (17... f3 18. Kh2 {[%cal Gf1g1]}) 18. Be4 (18. Bg2 f3 19. exf3 Nxf3+ (
19... Qg6 20. Qe3) 20. Bxf3 Rxf3 21. Kg2 Qh5 22. Rh1 Rf5 23. Rag1 $132) 18...
Nc5 (18... Qh5 19. Nb5 Nc5) 19. Qc2 Qh5 20. Nb5 Nxe4 21. Qxe4 Qxh3 (21... f3
22. Bxe5 Bxe5 23. exf3 (23. Qg4+ Qxg4+ 24. hxg4 Rb7 $15) 23... Rf4 24. Qd3 Rxf3
25. Qe4 $13) 22. Qg2 (22. Bxe5 Bxe5 23. Qg2+ Qxg2+ 24. Kxg2 Rb7 $17) 22...
Qxg2+ 23. Kxg2 $13) 17... f3 18. exf3 c6 (18... Nxf3+ $6 19. Bxf3 Bxb2 (19...
Rxf3 20. Bxg7 Kxg7 21. Qd4+ Kh7 22. Qe4+ Qg6+ 23. Qxg6+ Kxg6 24. Nxe7+ Kh7 25.
Nd5 $16 {o^e6_|_} (25. Rae1 c6 {[%csl Re7]})) 20. Bh5 $1 Qxh5 21. Nxe7+ Kh7 22.
Qc2+ Kg7 23. Qxb2+ $16) (18... c6 19. f4 $1 (19. Nb6 Qg6 20. Bxe5 Bxe5 21. Nxa8
Bxa1 22. Rxa1 Rxa8 23. Re1 Nc5 $15 {[%cal Gg8h7,Ya8g8]}) 19... Ng6 (19... Nxc4
20. bxc4 Bxb2 21. Qxb2 cxd5 22. Qxb7 $16) 20. Bxg7 Kxg7 21. Nb6 Rd8 (21... Nxf4
22. Nxa8 Qg6 23. f3 {black doesn't have enough compensation for sacrificed
material}) 22. Nd7 Rxf4 23. Qxa5 $16) 1/2-1/2